000 01084cab a22002535a 4500
001 L152172
008 110207s2011 xxk 000 0 eng d
035 _a(Sirsi) u152172
041 0 _aeng
100 1 _aNixon, Katie
245 0 4 _aThe truth, the whole truth and nothing but the truth...misdescriptions and misrepresentations
260 _c2011
490 _aHogan Lovells Real Estate Quarterly
_vWinter 2010, 10-11(2) 17(1)
520 _aReviews the law on misrepresention in the second of two articles (see also L152171) on property misdescription and misrepresentation. Compares fraudulent, negligent and innocent misrepresentation and examines in what circumstances liability might be excluded.
590 _aKA
650 2 4 _aWALKER V BOYLE
650 2 4 _aMCMEEKIN AND ANOTHER V LONG AND ANOTHER
650 2 4 _aFOODCO UK LLP (T/A MUFFIN BREAK) AND OTHERS V HENRY BOOT DEVELOPMENTS LTD
650 2 4 _aMISREPRESENTATION ACT 1967
650 2 4 _aUNFAIR CONTRACTS TERMS ACT 1977
651 4 _aEngland and Wales
_y1543-
690 _aPROPERTY-PROPERTY AGENCY
942 _n0
999 _c82901
_d82901